Statistics for Swedish Monarchs Quiz

Click here to take the quiz!

General Stats

  • This quiz has been taken 159 times
  • The average score is 7 of 11

Answer Stats

#Name% Correct
8Charles
97%
2Gustaf
95%
4Gustav
95%
1Eric
73%
1John
68%
2Oscar
65%
1Christina
58%
1Frederick
53%
1Adolf
50%
1Sigmund
42%
1Ulrica
42%

Score Distribution

Percentile by Number Answered

Percent of People with Each Score

Your Score History

You have not taken this quiz